000 00824nam a2200181 i 4500
001 87423
003 ES-MaACL
005 20230906175652.0
007 t|
008 041221s1944 sp ||||1| spa d
100 1 _aKubiena, Walter L.
_968938
245 1 0 _aEcología y Fisiología vegetal
_b: suelo y formación del suelo desde el punto de vista fisiológico /
_cWalter Kubiena.
260 _aMadrid :
_bInstituto Español de Edafología, Ecología y Fisiología Vegetal,
_c1944 (
_fNuevas Gráficas)
300 _a58 p., 6 lám. ;
_c24 cm.
500 _aPrecede al tít.: Consejo Superior de Investigaciones Científicas. Instituto Español de Edafología, Ecología y Fisiología Vegetal.
710 2 _aInstituto Español de Edafología, Ecología y Fisiología Vegetal.
_9143381
852 _aES-MaACL
_j1844-F-9
_bR.20872
999 _c87423
_d87423